MARC

LEADER 00000nab a2200000 ar4500
001 vtls011629157
003 SK-MaSNL
005 20260305020730.0
008 170515c 2016xo mr|p|||||||000 b|slo
038 |a SNSK 
040 |b slo  |c SNSK  |e AACR2 
041 |a slo 
044 |a xo  |c SK 
080 |a 2-57  |2 2011 
080 |a 2-526.7  |2 2011 
245 0 0 |a Pútnické miesto Vám odhalí za priehršť pápežských darov  |c [autor] (tre) 
300 |b Fotogr. 
610 2 7 |a Kostol Božieho milosrdenstva (Spišská Nová Ves, Slovensko)  |2 snsk  |9 1021983 
650 0 7 |a pútnické miesta  |2 snsk  |9 3031 
650 0 7 |a náboženské relikvie  |2 snsk  |9 79828 
650 0 7 |a dary  |2 snsk  |9 2219 
651 7 |a Sídlisko Západ I. (Spišská Nová Ves, Slovensko)  |2 snsk  |9 1088061 
651 7 |a Spišská Nová Ves (Slovensko)  |2 snsk  |9 28800 
773 0 |t Ičko. Informátor : kultúrno-spoločenský mesačník mesta Spišská Nová Ves  |g Č. 1/ 2016, s. 8  |x 1339-049X 
852 |a SNSK  |b KIS3GCP 
856 4 1 |u http://www.spisskanovaves.eu/fileadmin/snv/user_upload/editor/editor1/dokumenty/Icko/2016/Icko_01_2016_web.pdf 
999 |c 3282000  |d 3283930